Normal view
MARC view
Entry Topical Term
001 - CONTROL NUMBER
- control field: 156383
003 - CONTROL NUMBER IDENTIFIER
- control field: OSt
005 - DATE AND TIME OF LATEST TRANSACTION
- control field: 20220923210933.0
008 - FIXED-LENGTH DATA ELEMENTS
- fixed length control field: 220923|| aca||aabn | a|a d
040 ## - CATALOGING SOURCE
- Original cataloging agency: OSt
- Transcribing agency: OSt
150 ## - HEADING--TOPICAL TERM
- Topical term or geographic name entry element: हिन्दी कविता
670 ## - SOURCE DATA FOUND
- Source citation: Work cat.: (OSt)293052: वर्मा, मोतीराम, ले. 156382, लक्षित मुक्तिबोध, 2004
